<?xml version="1.0" encoding="UTF-8"?>
<record
    xmlns:xsi="http://www.w3.org/2001/XMLSchema-instance"
    xsi:schemaLocation="http://www.loc.gov/MARC21/slim http://www.loc.gov/standards/marcxml/schema/MARC21slim.xsd"
    xmlns="http://www.loc.gov/MARC21/slim">

  <leader>00923nab a2200265 uc4500</leader>
  <controlfield tag="001">825070</controlfield>
  <controlfield tag="005">20240201185918.0</controlfield>
  <controlfield tag="008">030606s2002                        por  </controlfield>
  <datafield tag="035" ind1=" " ind2=" ">
    <subfield code="a">825070</subfield>
  </datafield>
  <datafield tag="035" ind1=" " ind2=" ">
    <subfield code="a">(OCoLC)820028804</subfield>
  </datafield>
  <datafield tag="040" ind1=" " ind2=" ">
    <subfield code="c">comduadb</subfield>
  </datafield>
  <datafield tag="041" ind1=" " ind2=" ">
    <subfield code="a">por</subfield>
  </datafield>
  <datafield tag="100" ind1="1" ind2="0">
    <subfield code="a">Corrente, Jose Eduardo</subfield>
    <subfield code="4">aut</subfield>
    <subfield code="e">aut</subfield>
    <subfield code="9">357758</subfield>
  </datafield>
  <datafield tag="245" ind1="1" ind2="0">
    <subfield code="a">Fator de correcao para a distribuicao da Deviance para dados de proporcoes</subfield>
  </datafield>
  <datafield tag="650" ind1=" " ind2=" ">
    <subfield code="a">Distribuci&#xF3;n binomial</subfield>
    <subfield code="9">63405</subfield>
  </datafield>
  <datafield tag="650" ind1=" " ind2=" ">
    <subfield code="a">Modelos lineales</subfield>
    <subfield code="9">60763</subfield>
  </datafield>
  <datafield tag="650" ind1=" " ind2="7">
    <subfield code="a">Series de Taylor</subfield>
    <subfield code="2">embne</subfield>
    <subfield code="9">71271</subfield>
  </datafield>
  <datafield tag="650" ind1=" " ind2=" ">
    <subfield code="a">Distribuci&#xF3;n (Teor&#xED;a de la probabilidad)</subfield>
    <subfield code="9">36326</subfield>
  </datafield>
  <datafield tag="650" ind1=" " ind2="7">
    <subfield code="a">Biometr&#xED;a</subfield>
    <subfield code="2">dcs</subfield>
    <subfield code="9">24</subfield>
  </datafield>
  <datafield tag="650" ind1=" " ind2=" ">
    <subfield code="a">Varianza</subfield>
    <subfield code="9">35593</subfield>
  </datafield>
  <datafield tag="650" ind1=" " ind2="7">
    <subfield code="a">Probabilidades</subfield>
    <subfield code="2">embne</subfield>
    <subfield code="9">43475</subfield>
  </datafield>
  <datafield tag="700" ind1="1" ind2="0">
    <subfield code="a">Gimenes, Ana Paula</subfield>
    <subfield code="4">aut</subfield>
    <subfield code="e">aut</subfield>
    <subfield code="9">379901</subfield>
  </datafield>
  <datafield tag="773" ind1="0" ind2=" ">
    <subfield code="t">Revista de Matematica e Estatistica (Sao Paulo)</subfield>
    <subfield code="g">Vol. 20, Dic. 2002, p. 175-193</subfield>
    <subfield code="w">194811</subfield>
    <subfield code="x">0102-0811</subfield>
    <subfield code="0">87621</subfield>
  </datafield>
  <datafield tag="942" ind1=" " ind2=" ">
    <subfield code="c">ARIMP</subfield>
  </datafield>
  <datafield tag="999" ind1=" " ind2=" ">
    <subfield code="c">286926</subfield>
    <subfield code="d">286926</subfield>
  </datafield>
</record>
